Pobreza y producción de la pobreza en latinoamerica y El Caribe /
Sábháilte in:
| Príomhchruthaitheoir: | |
|---|---|
| Formáid: | Téacs |
| Ábhair: | |
| Clibeanna: |
Cuir clib leis
Níl clibeanna ann, Bí ar an gcéad duine le clib a chur leis an taifead seo!
|
MARC
| LEADER | 00000 a a2200000 04500 | ||
|---|---|---|---|
| 001 | 44962 | ||
| 003 | |||
| 040 | |||
| 100 | |a Neffa, Julio César | ||
| 245 | |a Pobreza y producción de la pobreza en latinoamerica y El Caribe / |c Julio César Neffa | ||
| 650 | |a POBREZA | ||
| 650 | |a CAPITALISMO | ||
| 650 | |a HISTORIA ECONOMICA | ||
| 650 | |a PAISES EN DESARROLLO | ||
| 650 | |a AMERICA LATINA | ||
| 650 | |a ARGENTINA | ||
| 773 | |g páginas 193-207 | ||
| 999 | |c 38504 |d 38504 | ||
